La Real Orden de 30 de mayo de 1878 y los derechos de la Iglesia respecto á cementerios catolicos y sepulturas eclesiasticas / (Record no. 165595)

MARC details
000 -LEADER
campo de control de longitud fija 00685nam a22001695i 4500
001 - NÚMERO DE CONTROL
campo de control 165595
003 - IDENTIFICADOR DE NÚMERO DE CONTROL
campo de control ES-MaACL
005 - FECHA Y HORA DE LA ÚLTIMA TRANSACCIÓN
campo de control 20230906213154.0
008 - DATOS DE LONGITUD FIJA--INFORMACIÓN GENERAL
campo de control de longitud fija 050905s1878 sp | |||||||| ||spa d
040 ## - FUENTE DE CATALOGACIÓN
Centro catalogador/agencia de origen CAM
Lengua de catalogación spa
Centro/agencia transcriptor CAM
100 1# - ENTRADA PRINCIPAL--NOMBRE DE PERSONA
Nombre de persona Soto y Ramos, Isidro.
9 (RLIN) 132843
245 13 - MENCIÓN DEL TÍTULO
Título La Real Orden de 30 de mayo de 1878 y los derechos de la Iglesia respecto á cementerios catolicos y sepulturas eclesiasticas /
Mención de responsabilidad, etc. por Isidro Soto y Ramos.
260 ## - PUBLICACIÓN, DISTRIBUCIÓN, ETC.
Lugar de publicación, distribución, etc. Madrid :
Nombre del editor, distribuidor, etc. [s.n.],
Fecha de publicación, distribución, etc. 1878 (
Fabricante Imprenta de Antonio Perez Dubrull)
300 ## - DESCRIPCIÓN FÍSICA
Extensión 40 p. ;
Dimensiones 21 cm.
650 #4 - PUNTO DE ACCESO ADICIONAL DE MATERIA--TÉRMINO DE MATERIA
Término de materia o nombre geográfico como elemento de entrada Cementerios-
Subdivisión general Legislación-
Subdivisión geográfica España.
9 (RLIN) 135746
852 ## - LOCALIZACIÓN
Ubicación ES-MaACL
Número de control de estantería T-427-F-12
Nota libre -- Enc. hol.
-- -- Enc. en un vol. facticio
Holdings
Estatus retirado Estado de pérdida Estado de daño No para préstamo Colección Biblioteca de origen Biblioteca actual Ubicación en estantería Fecha de adquisición Total de préstamos Signatura topográfica completa Código de barras Visto por última vez Precio de reemplazo Tipo de ítem Koha
        Colección de folletos Biblioteca del Ateneo de Madrid Biblioteca del Ateneo de Madrid Depósito folletos 17/01/2008   T-427-F-12 1173662 23/02/2023 23/02/2023 Folleto